| 000 | 01137 a2200193 4500 | ||
|---|---|---|---|
| 003 | Nust | ||
| 005 | 20221205121637.0 | ||
| 010 | _a 99062439 | ||
| 020 | _a0790611929 | ||
| 040 | _cNust | ||
| 082 | 0 | 0 | _a621.381535,CAR |
| 100 | 1 |
_aCarr, Joseph J. _926343 |
|
| 245 | 1 | 0 |
_aExploring solid-state amplifiers / _cJoseph J. Carr |
| 260 |
_aIndianapolis, IN : _bPrompt Publications, _cc1999. |
||
| 300 |
_a218 p. : _bill. ; _c24 cm. |
||
| 505 | _aSignals, Noise and Amplifiers (Page-1), Introduction to Amplifier Classification (Page-9), NPN/PNP Bipolar Junction Transistors (Page-25), Bipolar Transistor Amplifiers (Page-41), Field-Effect Transistor Amplifiers (Page-53), Operational Amplifiers (Page-65), Audio Amplifiers (Page-93), IC Audio Power Amplifiers (Page-125), Amplifiers used in Analog Instrumentation (Page-131), Small-Signal RF Amplifiers (Page-141), Solid-State Parametric Amplifiers (Page-161), Monolithic Microwave Integrated Circuits (Page-169), Troubleshooting Solid-State Amplifier Circuits (Page-187), Selecting Solid-State Replacement Parts (Page-199). | ||
| 650 | 0 |
_aTransistor amplifiers. _996678 |
|
| 942 |
_2ddc _cBK |
||
| 999 |
_c178688 _d178688 |
||